000 00523nam a2200193Ia 4500
005 20250508151743.0
008 008 250505s9999 xx 000 0 hin d
037 _aBooks to be hide in OPAC
040 _aFEDL
_beng
_cFEDL
041 _ahin
_2eng
084 _a370.1, MAT/O
_qFEDL
100 _aMathur V S
245 0 _aNavyug ki shiksha
260 _aDelhi, India
_bS Chand and Company
300 _a66p.
700 _a Mathur Rachi
_9759903
942 _cHB
_h370.1, MAT/O
999 _c1331936
_d1331936